| 000 | 00373nam a2200109Ia 4500 | ||
|---|---|---|---|
| 008 | 160531s9999 xx 000 0 und d | ||
| 100 | _aJorgensen, James H. | ||
| 245 | _aManual Of Clinical Microbiology (2 Volume Set), 11th Edition | ||
| 245 | _cBy:James H. Jorgensen, Michael A. Pfaller | ||
| 260 | _c2015 | ||
| 856 | _uhttp://file.ebook777.com/ManOfCliMic(2VolSet11tEdi.pdf | ||
| 999 |
_c295318 _d295318 |
||